Classroom assessment for teachers

Spremljeno u:
Bibliografski detalji
Glavni autor:  Witte, Raymond H
Format: Sách
Jezik:Undetermined
Izdano:  Mc Graw Hill  2012
Teme:
Oznake: Dodaj oznaku
Bez oznaka, Budi prvi tko označuje ovaj zapis!
Thư viện lưu trữ: Trung tâm Thư viện - Trường Đại học Công nghiệp TP. Hồ Chí Minh
LEADER 00513nam a2200157Ia 4500
001 UIH_05105
008 231011s9999 xx 000 0 und d
082 |a  371.1020973 
100 |a  Witte, Raymond H 
245 0 |a  Classroom assessment for teachers 
245 0 |c  Witte, Raymond H 
260 |b  Mc Graw Hill 
260 |c  2012 
650 |a  Educational accountability; Teacher effectiveness;  
927 |a Sách 
980 |a Trung tâm Thư viện - Trường Đại học Công nghiệp TP. Hồ Chí Minh